Football Teams Mehmet Topal Played For - Statistics

General Stats
  • This quiz has been taken 10 times
  • The average score is 5 of 6
Answer Stats
League Years Team % Correct
Turkey 2012-2019 Fenerbahçe SK
100%
Turkey 2006-2010 Galatasaray SK
100%
Spain 2010-2012 Valencia CF
100%
Turkey 2021-2022 Beşiktaş JK
89%
Turkey 2019-2021 İstanbul Başakşehir FK
67%
Turkey 2005-2006 Çanakkale Dardanel SK
44%
No matching quizzes found
Score Distribution
Percent of People with Each Score
Percentile by Number Answered
Your Score History
You have not taken this quiz